Súčasné algoritmy komparácie vzorov odtlačkov prstov

Saved in:
Bibliographic Details
Main Author: Toman, Marek (Author)
Other Authors: Marák, Pavol (Thesis advisor)
Format: Manuscript Book
Language:Slovak
Published: 2016
Subjects:
Online Access:http://is.stuba.sk/zp/portal_zp.pl?podrobnosti=107280
Tags: Add Tag
No Tags, Be the first to tag this record!

MARC

LEADER 00000ntm a22000003a 4500
001 stuzp54771
003 SK-STU
005 20160825124500.2
007 ta
008 150427s2015----xo-----f-mn---000-0-slo-d
040 |a STU  |b slo 
041 0 |a slo 
044 |a xo 
100 1 |a Toman, Marek  |u 035000  |4 aut  |U FEI Fakulta elektrotechniky a informatiky  |T FEI Ústav informatiky a matematiky  |X 72944  |U E050  |Y 816  |7 72944 
242 0 1 |a Present Fingerprint Matching Algorithms  |y eng 
245 1 0 |a Súčasné algoritmy komparácie vzorov odtlačkov prstov 
260 |c 2016 
300 |a 57 s., príl.,  |b CD-ROM 
650 4 |a minutiae  |2 eng 
650 4 |a local structures  |2 eng 
650 4 |a correlation-based matching  |2 eng 
650 4 |a matching algorithms  |2 eng 
650 4 |a biometrics  |2 eng 
650 4 |a fingerprints  |2 eng 
650 4 |a markanty  |2 slo 
650 4 |a lokálne štruktúry  |2 slo 
650 4 |a korelácia  |2 slo 
650 4 |a porovnávacie algoritmy  |2 slo 
650 4 |a biometria  |2 slo 
650 4 |a odtlačky prstov  |2 slo 
700 1 |a Marák, Pavol  |u 035000  |k Z3  |4 ths  |U FEI Fakulta elektrotechniky a informatiky  |T FEI Ústav informatiky a matematiky  |X 50790  |U E050  |Y 816  |7 A000050790 
856 4 |u http://is.stuba.sk/zp/portal_zp.pl?podrobnosti=107280 
996 |b 284ER02177  |c E*Bc- 2177  |l EE35  |s P  |a 0  |w stuzp54771_0001 
SQL |a stuzp54771  |b DBP  |c SLO  |d Súčasné algoritmy komparácie vzorov odtlačkov prstov  |e 72944  |f Toman, Marek  |g 035000  |h 50790  |i Marák, Pavol  |j 20160706  |k 73  |l 03  |m http://is.stuba.sk/zp/portal_zp.pl?podrobnosti=107280  |n B-API  |o 9.2.9. aplikovaná informatika